An Outsider Everywhere : (Record no. 83596)

MARC details
000 -LEADER
fixed length control field 00817nam a22002297a 4500
005 - DATE AND TIME OF LATEST TRANSACTION
control field 20150916152715.0
010 ## - LCCN (DPL NO)
LC control number B-506673-676 ENG-113871
020 ## - INTERNATIONAL STANDARD BOOK NUMBER
International Standard Book Number 9789322008048
Terms of availability 595.00
035 ## - SYSTEM CONTROL NUMBER
System control number B-506673-676
035 ## - SYSTEM CONTROL NUMBER
System control number EN-97403
037 ## - SOURCE OF ACQUISITION
Stock number dpl
Source of stock number/acquisition BSB/Ven
037 ## - SOURCE OF ACQUISITION
Source of stock number/acquisition DBAD/PUB
082 ## - DEWEY DECIMAL CLASSIFICATION NUMBER
Classification number 921
100 ## - MAIN ENTRY--PERSONAL NAME
Personal name Kaw, M.K.
245 ## - TITLE STATEMENT
Title An Outsider Everywhere :
Remainder of title revelations by an Insider /
Statement of responsibility, etc by M.K.Kaw
260 ## - PUBLICATION, DISTRIBUTION, ETC. (IMPRINT)
Place of publication, distribution, etc New Delhi
Name of publisher, distributor, etc Konark Publishers
Date of publication, distribution, etc 2012
270 ## - ADDRESS
Address 206, First Floor, Peacock Lane, Shahpur Jat
City New Delhi
Postal code 110049
300 ## - PHYSICAL DESCRIPTION
Extent 210 p., [8] p. of plates :
Other physical details ill. (chiefly col.)
Dimensions 24cm(Hb)
520 ## - SUMMARY, ETC.
Summary, etc Autobiography of a retired IAS officer.
942 ## - ADDED ENTRY ELEMENTS (KOHA)
Source of classification or shelving scheme Dewey Decimal Classification
Item type English Books
Classification part 921
Call number suffix KAW
Holdings
Withdrawn status Lost status Not for loan Collection code Home library Current library Date acquired Source of acquisition Cost, normal purchase price Full call number Barcode Copy number Cost, replacement price Koha item type
      Non-fiction Central Library Central Library 17/04/2014 BSB/886/09.03.2013/169/08.03.2013/22.03.2013 595.00 921 KAW B-506673 1 595.00 English Books
    Not For Loan Non-fiction D.B.Act.Division D.B.Act.Division 20/08/2015 DBAD/PUB 595.00 921 KAW EN-97403 1 595.00 English Books
      Non-fiction Janak Puri Janak Puri 17/04/2014 BSB/886/09.03.2013/169/08.03.2013/22.03.2013 595.00 921 KAW B-506675 1 595.00 English Books
      Non-fiction Narela Narela 17/04/2014 BSB/886/09.03.2013/169/08.03.2013/22.03.2013 595.00 921 KAW B-506676 1 595.00 English Books
      Non-fiction Patel Nagar Patel Nagar 17/04/2014 BSB/886/09.03.2013/169/08.03.2013/22.03.2013 595.00 921 KAW B-506674 1 595.00 English Books

© Delhi Public Library
Hit Counter
free hit counter